000 01193nam a2200313 c 4500
003 BLK
005 20180415150836.0
008 180413b bul|||||r ||||||| ||bul||
010 _aKNG00026024000
020 _a954-8240-56-4
_bиздат.: Обсидиан
040 _aBLK
041 _aBUL
_cBUL
080 _aАмериканска литература (на САЩ)
_b821.111(73)
_x-322.4
_z821.111(73)-322.4
139 _aПартньори по принуда
_bП 23
245 1 0 _aПартньори по принуда
_bСб. разкази
257 _aUSA
260 София
_bОбсидиан
_c1998
_fВ. Търново : Абагар
300 _a320 с.
_c20 см
380 _aX
490 1 _aРазкази от майстори на юридическия трилър
500 _aОриг. загл. Legal Briefs. - Офс. изд. - 3 500 тир. - Съдържа и кратки биогр. данни за авт.
653 _aкрими
653 _aразкази
852 _aЦб 196954
856 4 _qpdf
_u
856 4 _qpdf
_u
942 _cKNG
_n0
_01
944 _aCR
_c15.01.2003
_lф /
_kЛюдмила_Стоянова
944 _aED
_c18.08.2011
_lф /
_k
999 _c23545
_d23545